000 00516nam a2200193Ia 4500
003 GCL
008 140319s9999 xx 000 0 eng d
020 _a9163070278
040 _aGCL /
_cGCL
082 0 4 _a727.8
_bW S
100 1 _aWINTER, KARIN
245 1 0 _aSTOCKHOLM CITY LIBRARY /
_cWINTER, KARIN
260 _aالسويد :
_bSTOCKHOLM STADSBIBLIOTEK ،
_c1998
300 _a20 CM
650 0 4 _aSTOCKHOLM CITY LIBRARY
650 0 4 _aLIBRARY ARCHITECTURE
650 0 4 _aLIBRARY BUILDINGS
942 _2ddc
_cBK
999 _c5875
_d5875